000 00635nam a2200205Ii 4500
001 4756
003 CO-ViMGA
008 241108s9999||||xx |||||||||||||| ||und||
040 _aCO-ViMGA
_bspa
_erda
_cCO-ViMGA
041 0 _aunk
082 0 4 _a634.775 F293p
110 1 _aFederación Nacional de Cafeteros de colombia,
_920872
245 1 0 _aEl cultivo de la pitaya
264 1 _a[Lugar de publicación no identificado] : La Federación, [199?]
300 _avolumen
336 _atext
_btxt
_2rdacontent
337 _aunmediated
_bn
_2rdamedia
338 _avolume
_bnc
_2rdacarrier
940 _aidficha_siabuc: 4635. -- ficha_no_siabuc:4756
999 _c55763
_d55763